| 000 | 00957cab a2200253 4500 | ||
|---|---|---|---|
| 001 | WB3101-19 | ||
| 008 | 090401t1994 xxu||||| |||| 00| 0 eng d | ||
| 035 | _a(Sirsi) u61422 | ||
| 041 | _aeng | ||
| 245 | 4 | _aThe high street fights back | |
| 260 | _c1994 | ||
| 350 | _a0 | ||
| 490 |
_aGuardian _v24 December 1994, 32(2) |
||
| 520 | _aAlthough PPG6 and PPG13 now favours town centre retail development rather than out-of-town shopping centres, regional centres such as Merry Hill and Lakeside remain very popular with shoppers. Graph shows share of retail sales by location and planned scheduled openings. | ||
| 650 | _aOUT-OF-TOWN SHOPPING CENTRES | ||
| 650 | _aPLANNING POLICY GUIDANCE NOTE 13 | ||
| 650 | _aPLANNING POLICY GUIDANCE NOTE SIX | ||
| 650 | _aREGIONAL SHOPPING CENTRES | ||
| 650 | _aRETAIL DEVELOPMENT | ||
| 650 | _aTOWN CENTRES | ||
| 690 | _aPROPERTY-COMMERCIAL PROPERTY-RETAIL PROPERTY | ||
| 942 | _n0 | ||
| 948 | _c04/03/1997 | ||
| 999 |
_c38047 _d38047 |
||